00230nam a2200097Ia 4500008004100000100000900041245002900050260002900079942000700108999001700115190216s9999||||xx |||||||||||||| ||und|| aNull 0aHindi-Harkathon Ke Kilaf bMac Millian And Com. Ltd cBK c17459d17459